The most beautiful molecule : (Record no. 11859)

000 -LEADER
fixed length control field 02115cam a2200193 a 4500
020 ## - INTERNATIONAL STANDARD BOOK NUMBER
ISBN 047110938X (cloth : acidfree paper)
020 ## - INTERNATIONAL STANDARD BOOK NUMBER
ISBN 9780471109389 (cloth : acidfree paper)
020 ## - INTERNATIONAL STANDARD BOOK NUMBER
ISBN 047119333X (paper)
020 ## - INTERNATIONAL STANDARD BOOK NUMBER
ISBN 9780471193333 (paper)
040 ## - CATALOGING SOURCE
Transcribing agency DLC
082 ## - DEWEY DECIMAL CLASSIFICATION NUMBER
Classification number 546 JOH 1995 A031 Or.
100 1# - MAIN ENTRY--AUTHOR NAME
Personal name Aldersey-Williams, Hugh.
245 14 - TITLE STATEMENT
Title The most beautiful molecule :
Remainder of title the discovery of the buckyball /
260 ## - PUBLICATION, DISTRIBUTION, ETC. (IMPRINT)
Place of publication New York :
Name of publisher John Wiley,
Year of publication c1995.
300 ## - PHYSICAL DESCRIPTION
Number of Pages ix, 340 p. :
Other physical details ill. ;
Dimensions 25 cm.
520 1# - SUMMARY, ETC.
Summary, etc "Houston, Texas, 1985. Two industrious chemists discover a previously unknown form of carbon and christen it buckminsterfullerene, for its striking resemblance to American architect Richard Buckminster Fuller's geodesic domes. This unusual molecule - also known as the buckyball - is composed of 60 carbon atoms arranged in a hollow sphere, with hexagonal and pentagonal configurations similar to those found on a soccer ball." "The discovery of buckminsterfullerene - by American physicist and chemist Richard Smalley and British physical chemist Harry Kroto - rocked the scientific community. After all, generations believed graphite and diamond to be the only pure forms of carbon. How had this third form gone undetected?" "In fact, the actual discovery was merely the beginning of an intense - and ongoing - quest to master this newest form of the most basic of elements. Confirmation would take five years and launch an unprecedented flood of investigation and investment. The unique physical structure of buckminsterfullerene - a "cage" into which atoms of other materials may be inserted - had huge commercial potential and inspired scientists, industrial laboratories, and corporations alike. Backed by such giants as AT & T, DuPont, Exxon, and IBM, a highly competitive search for practical applications began - and continues." "Possibilities range from the creation of a revolutionary rocket fuel to nanotechnology - the construction of microscopic "molecular machines"--To developments in the fight against AIDS."--Jacket.
650 #0 - SUBJECT ADDED ENTRY--TOPICAL TERM
Topical Term Buckminsterfullerene.
942 ## - ADDED ENTRY ELEMENTS (KOHA)
Koha item type សៀវភៅភាសាអង់គ្លេស
952 ## - LOCATION AND ITEM INFORMATION (KOHA)
Withdrawn status [LOCAL, KOHA] 0
952 ## - LOCATION AND ITEM INFORMATION (KOHA)
Withdrawn status [LOCAL, KOHA] 0
Holdings
Permanent Location Date acquired Koha item type Lost status Shelving location Barcode Current Location Full call number
Library Block A2017-08-08សៀវភៅភាសាអង់គ្លេស A025A18853Library Block A546 JOH 1995 A025 Or.
Library Block A2017-08-08សៀវភៅភាសាអង់គ្លេស A031A14283Library Block A546 JOH 1995 A031 Or.
មជ្ឈមណ្ឌលឯការនៃសាកលវិទ្យាល័យភូមិន្ទកសិកម្មចំការដូង

Powered by Koha